Les communes les plus dangereuses de France - Statistiques

Statistiques générales
  • Ce quiz a été pris 727 fois
    502 depuis la dernière actualisation
  • Le résultat moyen est 14 sur 28
Statistiques - réponses
Hint Réponse % Correct
Bouche-du-Rhône Marseille
90%
Paris Paris (18 ème) et (19 ème) et (20ème)
86%
Seine-Saint-Denis Saint-Denis
82%
Isère Grenoble
67%
Loire-Atlantique Nantes
67%
Alpes-Maritimes Nice
64%
Gard Nîmes
59%
Nord Roubaix
59%
Haute-Garonne Toulouse
59%
Moselle Metz
53%
Seine Saint Denis Aubervilliers
51%
Val d'Oise Sarcelles/Garges-les-Gonesse
50%
Vaucluse Avignon
49%
Seine-Saint-Denis Bobigny
47%
Hauts-de-Seine Nanterre
46%
Val D'Oise Argenteuil
44%
Métropole-de-Lyon Vénissieux
44%
Seine-Saint-Denis Sevran
43%
Eure Evreux
39%
Seine-Saint-Denis La Courneuve
38%
Essonne Grigny
37%
Yvelines Mantes-la-Jolie
36%
Seine-et-Marne Meaux
36%
Seine-Saint-Denis Saint-Ouen
30%
Essonne Corbeil-Essonnes
25%
Seine-Saint-Denis Clichy-sous-Bois/Montfermeil
23%
Seine-Saint-Denis Stains
17%
Val-D'Oise Villiers-le-Bel
11%
Aucun quiz correspondant
Distribution des résultats
% des personnes avec chaque résultat
Percentile par nombre de réponses
Votre historique - résultats
Vous n’avez pas pris ce quiz depuis la dernière actualisation